| 000 | 00940cam a2200301 i 4500 | ||
|---|---|---|---|
| 999 |
_c200429660 _d47584 |
||
| 001 | 200429660 | ||
| 003 | TR-AnTOB | ||
| 005 | 20241119104213.0 | ||
| 007 | ta | ||
| 008 | 751202t2016 eng 000 1 eng | ||
| 020 | _a9781535138093 | ||
| 035 | _a(OCoLC)1868778 | ||
| 040 |
_aDLC _beng _erda _cCtWeharU _dOCoLC _dDLC _dTR-AnTOB |
||
| 041 | 0 | _aeng | |
| 050 | 0 | 0 |
_aPR5322 _b.S3 2016 |
| 090 |
_aPR5322 _b.S3 2016 |
||
| 100 | 1 |
_aScott, Walter, _d1771-1832 _4author _95253 |
|
| 245 | 1 | 4 |
_aThe talisman : _ba tale of the crusaders / _cSir Walter Scott. |
| 264 | 1 |
_aGreat Britain ; _bErik Publishing, _c2016. |
|
| 300 |
_a359 pages ; _c23 cm. |
||
| 336 |
_atext _2rdacontent |
||
| 337 |
_aunmediated _2rdamedia |
||
| 338 |
_avolume _2rdacarrier |
||
| 650 | 7 |
_aHaçlı seferleri _yÜçüncü, 1189-1192 _vRoman _2etuturkob _9120187 |
|
| 650 | 0 |
_aCrusades _yThird, 1189-1192 _vFiction _9120186 |
|
| 942 |
_2lcc _cBK |
||